| 000 | 00921nas a2200301 4500 | ||
|---|---|---|---|
| 001 | BR0706432 | ||
| 003 | BR-BrBNA | ||
| 005 | 20231205111003.0 | ||
| 007 | ta | ||
| 008 | 230509b bl.|||p| |||| 00| 00por d | ||
| 040 |
_aBR-BrBNA _bpor _cBiblioteca Nacional de Agricultura |
||
| 041 | _a(Pt) | ||
| 072 | _aF60 | ||
| 100 | 1 | _aFernandes, E.P. | |
| 100 | 1 | _aSouza, E.R.B. de | |
| 100 | 1 | _aLeandro, W.M. | |
| 100 | 1 | _aPires, L.L. | |
| 100 | 1 | _aVera, R. | |
| 100 | 1 | _aSouza, R.F. de | |
| 245 | 1 | _aMarcha de acúmulo de fitomassa em crisântemo (Dendranthema grandiflorum T., var. Salmon Reagan) | |
| 650 | _aCRISÂNTEMO | ||
| 650 | _aPLANTA ORNAMENTAL | ||
| 650 | _aMATÉRIA SECA | ||
| 650 | _aCOMPOSIÇÃO QUÍMICA | ||
| 773 | 0 |
_tPesquisa Agropecuária Tropical (Brazil) _xISSN 1517-6398 _g(Jul-Sep 2007), v. 37(3) p. 137-141 _wBR0706432 |
|
| 909 |
_a202311 _bLúcia _c55 _dLúcia Elande |
||
| 942 |
_2AGRIS _n0 _cANA |
||
| 999 |
_c190082 _d190082 |
||